Statistics for U.K. Cities With the Most Tourists

Click here to take the quiz!

General Stats

  • This quiz has been taken 2,772 times
    (2,676 since last reset)
  • The average score is 11 of 15

Answer Stats

# Visitors City % Correct
19.1 milLondon
100%
1.41 milManchester
96%
2.36 milEdinburgh
92%
803,000Liverpool
91%
837,000Glasgow
89%
1.10 milBirmingham
86%
342,000Cardiff
78%
344,000Leeds
74%
526,000Oxford
63%
278,000York
60%
598,000Bristol
59%
547,000Cambridge
57%
459,000Brighton and Hove
50%
348,000Bath
42%
313,000Inverness
32%

Score Distribution

Percentile by Number Answered

Percent of People with Each Score

Your Score History

You have not taken this quiz since the last reset